ФГУ Science. 2017, № 1 (9), ч. 2: Материалы Всероссийской научно-практической конференции "Экономика и управление: анализ тенденций и перспектив развития", г. Грозный, 6 мая 2017 г. (Запись № 11689124)
[ простой вид ]
| 000 -МАРКЕР | |
|---|---|
| контрольное поле | 01702nam2a2200229 4500 |
| 001 - ИДЕНТИФИКАТОР ЗАПИСИ | |
| контрольное поле | RU\NLR\BIBL_A\011438621 |
| 005 - ИДЕНТИФИКАТОР ВЕРСИИ | |
| контрольное поле | 20250626065228.0 |
| 010 ## - МЕЖДУНАРОДНЫЙ СТАНДАРТНЫЙ НОМЕР КНИГИ (ISBN) | |
| Номер (ISBN) | 978-5-91153-115-7 |
| 035 ## - ДРУГИЕ СИСТЕМНЫЕ НОМЕРА | |
| Идентификатор записи | (NLR Aleph) 011438621 |
| 100 ## - ДАННЫЕ ОБЩЕЙ ОБРАБОТКИ | |
| Данные общей обработки | 20170713d2017 |||y0rusy50 ca |
| 101 0# - ЯЗЫК РЕСУРСА | |
| Язык текста, звукозаписи и т.д. | русский |
| 102 ## - СТРАНА ПУБЛИКАЦИИ ИЛИ ПРОИЗВОДСТВА | |
| Страна публикации | Российская Федерация |
| 200 1# - ЗАГЛАВИЕ И СВЕДЕНИЯ ОБ ОТВЕТСТВЕННОСТИ | |
| Основное заглавие | Материалы Всероссийской научно-практической конференции "Экономика и управление: анализ тенденций и перспектив развития", г. Грозный, 6 мая 2017 г. |
| 210 ## - ПУБЛИКАЦИЯ, РАСПРОСТРАНЕНИЕ И ДР. | |
| Дата издания, распространения и т.д. | 2017 |
| Место издания, распространения и т.д. | Б. м. |
| 461 #0 - УРОВЕНЬ НАБОРА | |
| Встроенное поле | 001RU\NLR\Per\1068679 |
| -- | 2001#$aФГУ Science$eнаучный журнал Факультета государственного управления$fЧечен. гос. ун-т, Фак. гос. упр.$v2017, № 1 (9), ч. 2 |
| Системный номер (АБИС) связанной записи | 10124823 |
| Автор | Чеченский государственный университет (Грозный). Факультет государственного управления |
| Место публикации | Армавир |
| Дата публикации | 2013 - |
| Первые сведения об ответственности | Чечен. гос. ун-т, Фак. гос. упр. |
| Имя издателя, распространителя и т.д. | Шурыгин Виталий Евгеньевич |
| Сведения, относящиеся к заглавию | научный журнал Факультета государственного управления |
| Заглавие | ФГУ Science |
| ISSN | 2687-1602 |
| Номер тома | 2017, № 1 (9), ч. 2 |
| 710 12 - НАИМЕНОВАНИЕ ОРГАНИЗАЦИИ - ПЕРВИЧНАЯ ОТВЕТСТВЕННОСТЬ | |
| Начальный элемент ввода | "Экономика и управление: анализ тенденций и перспектив развития", всероссийская научно-практическая конференция |
| Место проведения временной организации | Грозный |
| Дата проведения временной организации | 2017 |
| Системный номер авторитетной/нормативной записи | 562238 |
| Идентификатор авторитетной/нормативной записи | RU\NLR\AUTH\880449348 |
| 852 ## - МЕСТОНАХОЖДЕНИЕ И ШИФР ХРАНЕНИЯ | |
| Идентификатор организации | NLR |
| Шифр хранения (Call Number) | П23/8822 |
| 942 ## - ДОПОЛНИТЕЛЬНЫЕ ЭЛЕМЕНТЫ ЗАПИСИ (АБИС) | |
| Тип экземпляра АБИС | Выпуск |
| 980 ## - КОЛЛЕКЦИЯ | |
| Название коллекции | Национальная библиография |
| 980 ## - КОЛЛЕКЦИЯ | |
| Название коллекции | Русская периодика |
Нет доступных экземпляров.